000 00807nam a2200205 a 4500
001 BRCA_5924
005 20190320205251.0
008 220311s19-?----mx-#######---#000-0#spa-#
041 _aspa
044 _amx
050 4 _aQA47
_b.P76
245 1 0 _aProntuario de cuentas hechas para resolver en el acto, sin hacer cálculos, todas las operaciones de compra y venta.
_bContiene ademas las tablas de equivalencias para convertir rapidamente sin ninguna operación las arrobas a kilos y viceversa, desde una a mil y desde un kilo a una tonelada, y un horario de trenes que salen y llegan a la Ciudad de México.
250 _a41a. ed.
260 _aMéxico
_bM. S. Chavez.
_c19-?
300 _a116 p.
_c15 cm.
500 _aH154
650 1 4 _aMatemáticas
_vTablas
_914972
902 _aGFM
942 _2lcc
_cB
999 _c5613
_d5613